Online
Catalog

El milagro de Consuelo : (Record no. 48032)

MARC details
000 -CABECERA
campo de control de longitud fija 02445nam a2200397 i 4500
001 - NÚMERO DE CONTROL
campo de control 000048544
003 - IDENTIFICADOR DEL NÚMERO DE CONTROL
campo de control DO-SdBNP
005 - FECHA Y HORA DE LA ÚLTIMA TRANSACCIÓN
campo de control 20250717150422.0
007 - CAMPO FIJO DE DESCRIPCIÓN FÍSICA--INFORMACIÓN GENERAL
campo de control de longitud fija ta
008 - DATOS DE LONGITUD FIJA--INFORMACIÓN GENERAL
campo de control de longitud fija 190329s2017 dr abo 001 m spa d
020 ## - NÚMERO INTERNACIONAL ESTÁNDAR DEL LIBRO
Número Internacional Estándar del Libro 9789945073058
040 ## - FUENTE DE LA CATALOGACIÓN
Centro catalogador/agencia de origen DO-SdBNP
Lengua de catalogación spa
Centro/agencia transcriptor BNPHU
Normas de descripción rda
041 ## - CÓDIGO DE LENGUA
Código de lengua del texto/banda sonora o título independiente spa
082 #4 - NÚMERO DE LA CLASIFICACIÓN DECIMAL DEWEY
Número de clasificación 370.114
Número de documento/Ítem E48m
Número de edición 22
100 1# - ENTRADA PRINCIPAL--NOMBRE DE PERSONA
Nombre de persona Elmúdesi Espaillat, Leonor
Término indicativo de función/relación autor
Código de función/relación aut.
9 (RLIN) 76009
245 13 - MENCIÓN DE TÍTULO
Título El milagro de Consuelo :
Resto del título una historia de valor para la eduación dominicana /
Mención de responsabilidad, etc. Leonor Elmúdesi Espaillat ; prólogo Juan Tomás Tavares.
264 ## - PRODUCCIÓN, PUBLICACIÓN, DISTRIBUCIÓN, FABRICACIÓN Y COPYRIGHT
Producción, publicación, distribución, fabricación y copyright Santo Domingo, República Dominicana :
Nombre del de productor, editor, distribuidor, fabricante EDUCA,
Fecha de producción, publicación, distribución, fabricación o copyright 2017.
300 ## - DESCRIPCIÓN FÍSICA
Extensión 2 volumen :
Otras características físicas ilustraciones, fotografías, mapas ;
Dimensiones 25 cm.
336 ## - TIPO DE CONTENIDO
Término de tipo de contenido texto
Código de tipo de contenido txt
Fuente rdacontent
337 ## - TIPO DE MEDIO
Nombre/término del tipo de medio sin mediación
Código del tipo de medio n
Fuente rdamedia
338 ## - TIPO DE SOPORTE
Nombre/término del tipo de soporte volumen
Código del tipo de soporte nc
Fuente rdacarrier
500 ## - NOTA GENERAL
Nota general Incluye datos biográficos de la autora en las solapas
500 ## - NOTA GENERAL
Nota general Adaptación de la tesis del autor (doctoral--Universidad de Murcia, 2015) presentada originalmente bajo el título: Valores y desarrollo educativo; estudio de caso del municipio de Consuelo, San Pedro de Macorís, República Dominicana (1959-2012)
500 ## - NOTA GENERAL
Nota general Incluye apéndices metodológicos (páginas 299-309)
504 ## - NOTA DE BIBLIOGRAFÍA, ETC.
Nota de bibliografía, etc. Bibliografía: páginas 281-290
505 0# - NOTA DE CONTENIDO CON FORMATO
Información miscelánea v.1 .
Título Texto --
-- Presentación --
-- Prólogo, 21 --
-- Introducción, 27 --
-- La educación en valores: una aproximación conceptual, 37 --
-- La formación en valores y la educación para la ciudadanía, 61 --
-- La educación en valores en la República Dominicana, 91 --
-- El Municipio de Consuelo, 109 --
-- Planteamiento y metodología de la investigación, 123 --
-- Resultados y discusión 135--.
-- Memoria fotográfica: Consuelo en el tiempo, 291 --
-- Anexos: material de investigación, 197 --
Información miscelánea v.2.
Título Separata
590 ## - NOTA LOCAL (RLIN)
Nota local Inventariado, 2019/LP
650 #7 - PUNTO DE ACCESO ADICIONAL DE MATERIA--TÉRMINO DE MATERIA
Término de materia o nombre geográfico como elemento de entrada Educación moral
Subdivisión geográfica República Dominicana
-- Consuelo (San Pedro de Macorís)
Subdivisión general Historia
Fuente del encabezamiento o término LEMB
9 (RLIN) 88380
650 #7 - PUNTO DE ACCESO ADICIONAL DE MATERIA--TÉRMINO DE MATERIA
Término de materia o nombre geográfico como elemento de entrada Valores
Subdivisión general Estudio y enseñanza
Subdivisión geográfica República Dominicana
-- Consuelo (San Pedro de Macorís)
Subdivisión general Historia
9 (RLIN) 88381
650 #7 - PUNTO DE ACCESO ADICIONAL DE MATERIA--TÉRMINO DE MATERIA
Término de materia o nombre geográfico como elemento de entrada Escolas públicas
Subdivisión geográfica República Dominicana
-- Consuelo (San Pedro de Macorís)
Subdivisión general Historia
9 (RLIN) 88382
700 1# - PUNTO DE ACCESO ADICIONAL--NOMBRE DE PERSONA
Nombre de persona Tavares, Juan Tomás,
Término indicativo de función/relación prologuista
9 (RLIN) 45546
Código de función/relación pr.
700 1# - PUNTO DE ACCESO ADICIONAL--NOMBRE DE PERSONA
Nombre de persona Mármol, José,
Fechas asociadas al nombre 1960-
Término indicativo de función/relación presentador
9 (RLIN) 6454
Código de función/relación pr.
710 2# - PUNTO DE ACCESO ADICIONAL--NOMBRE DE ENTIDAD CORPORATIVA
Nombre de entidad corporativa o nombre de jurisdicción como elemento de entrada Acción Empresarial por la Educación EDUCA
9 (RLIN) 84069
910 ## - DATOS DE OPCIÓN DEL USUARIO (OCLC)
Datos de opción del usuario LP.Validado. Control de calidad MFF
942 ## - ELEMENTOS DE PUNTO DE ACCESO ADICIONAL (KOHA)
Fuente del sistema de clasificación o colocación Dewey Decimal Classification
Tipo de ítem Koha Libro
Holdings
Estado de retiro Estado de pérdida Fuente del sistema de clasificación o colocación Restricciones de uso No para préstamo Código de colección Localización permanente Ubicación/localización actual Ubicación en estantería Fecha de adquisición Fuente de adquisición Total de préstamos Signatura topográfica completa Código de barras Fecha visto por última vez Número de copia Precio válido a partir de Tipo de ítem Koha
    Dewey Decimal Classification Préstamo en sala   Dominicana de Servicio Biblioteca Nacional Pedro Henríquez Ureña Biblioteca Nacional Pedro Henríquez Ureña Depósito 29.03.2019 Depósito Legal   BNPHU DS 370.114 E48m 48544-30 25.06.2020 v.1, e.3 25.06.2020 Libro
    Dewey Decimal Classification Préstamo en sala   Dominicana de Servicio Biblioteca Nacional Pedro Henríquez Ureña Biblioteca Nacional Pedro Henríquez Ureña Depósito 01.04.2019 Donado por Amigo del Hogar   BNPHU DS 370.114 E48m 48544-40 25.06.2020 v.1, e.4 25.06.2020 Libro
    Dewey Decimal Classification Préstamo en sala   Dominicana de Servicio Biblioteca Nacional Pedro Henríquez Ureña Biblioteca Nacional Pedro Henríquez Ureña Depósito 01.04.2019 Donado por Amigo del Hogar   BNPHU DS 370.114 E48m 48544-50 25.06.2020 v.1, e.5 25.06.2020 Libro
    Dewey Decimal Classification Excluido de préstamo   Patrimonio Dominicano Biblioteca Nacional Pedro Henríquez Ureña Biblioteca Nacional Pedro Henríquez Ureña Depósito 29.03.2019 Depósito Legal   BNPHU PD 370.114 E48m 48544-10 25.06.2020 v.1 25.06.2020 Libro
    Dewey Decimal Classification Excluido de préstamo   Patrimonio Dominicano Biblioteca Nacional Pedro Henríquez Ureña Biblioteca Nacional Pedro Henríquez Ureña Depósito 29.03.2019 Depósito Legal   BNPHU PD 370.114 E48m 48544-20 25.06.2020 v.1, e.2 25.06.2020 Libro
    Dewey Decimal Classification Excluido de préstamo   Patrimonio Dominicano Biblioteca Nacional Pedro Henríquez Ureña Biblioteca Nacional Pedro Henríquez Ureña Depósito 20.03.2025 Depósito Legal   BNPHU PD 370.114 E48m 2025-6639 16.07.2025 v.2 16.07.2025 Libro
    Dewey Decimal Classification Excluido de préstamo   Patrimonio Dominicano Biblioteca Nacional Pedro Henríquez Ureña Biblioteca Nacional Pedro Henríquez Ureña Depósito 20.03.2025 Depósito Legal   BNPHU PD 370.114 E48m 2025-6640 16.07.2025 v.2, e.2 16.07.2025 Libro
    Dewey Decimal Classification Préstamo en sala   Dominicana de Servicio Biblioteca Nacional Pedro Henríquez Ureña Biblioteca Nacional Pedro Henríquez Ureña Depósito 20.03.2025 Depósito Legal   BNPHU PD 370.114 E48m 2025-6641 16.07.2025 v.2, e.3 16.07.2025 Libro

Powered by Koha